000
00323nam a2200133Ia 4500
008
240624s9999 xx 000 0 und d
041
_a
eng
082
_a
382 NAY
100
_a
NAYYAR DEEPAK
245
_a
TRADE AND GLOBALIZATION
260
_c
2008
_a
New Delhi
_b
OXFORD
300
_a
xxxi, : 457p. ; 23cm.
365
_c
RS
_b
30
999
_c
13868
_d
13868